| 000 | 00482nam a2200157Ia 4500 | ||
|---|---|---|---|
| 008 | 220216s9999 xx 000 0 und d | ||
| 100 | _aAttanayake D P S T G | ||
| 245 | 0 | _aPreliminary observations on flowering, pollen germination and fruit-set in Hevea species | |
| 260 |
_bJournal of the Rubber Research Institute of Sri Lanka _c1984 |
||
| 300 | _a41-46 | ||
| 650 | _aFlowering | ||
| 650 | _aHevea | ||
| 650 | _aPollen germination | ||
| 700 | _aDharmaratna S C | ||
| 942 | _cJS | ||
| 999 |
_c65491 _d65491 |
||